Mathematical programming and electrical networks / (Record no. 51725)
[ view plain ]
| 000 -LEADER | |
|---|---|
| fixed length control field | 00882nam a2200253 a 4500 |
| 001 - CONTROL NUMBER | |
| control field | 51725 |
| 003 - CONTROL NUMBER IDENTIFIER | |
| rucl marc code | BD-RjUL |
| 005 - DATE AND TIME OF LATEST TRANSACTION | |
| control field | 20211209075714.0 |
| 008 - FIXED-LENGTH DATA ELEMENTS--GENERAL INFORMATION | |
| fixed length control field | 160901s1959 maua b 001 0 eng |
| 035 ## - SYSTEM CONTROL NUMBER | |
| System control number | (BD-RjUL) 51845 |
| 040 ## - CATALOGING SOURCE | |
| Original cataloging agency | DLC/ICU |
| Transcribing agency | ICU |
| Modifying agency | DLC |
| -- | BD-RjUL |
| Language of cataloging | eng |
| 041 ## - LANGUAGE CODE | |
| Language code of text/sound track or separate title | eng |
| 082 00 - DEWEY DECIMAL CLASSIFICATION NUMBER | |
| Classification number | 519.7 |
| Edition number | 23 |
| Author mark and year | DEM 1959 |
| 100 1# - MAIN ENTRY--PERSONAL NAME | |
| Personal name | Dennis, Jack B. |
| Fuller form of name | (Jack Bonnell) |
| 9 (RLIN) | 154653 |
| 245 10 - TITLE STATEMENT | |
| Title | Mathematical programming and electrical networks / |
| Statement of responsibility, etc. | Jack B. Dennis |
| 260 ## - PUBLICATION, DISTRIBUTION, ETC. (IMPRINT) | |
| Place of publication, distribution, etc. | Cambridge : |
| Name of publisher, distributor, etc. | Technology Press of the Massachusetts Institute of Technology, |
| Date of publication, distribution, etc. | c1959 |
| 300 ## - PHYSICAL DESCRIPTION | |
| Pagination | 186 p. : |
| Illustrations | ill. ; |
| Size | 24 cm. |
| 490 ## - SERIES STATEMENT | |
| Series statement | Technology Press research monographs |
| 504 ## - BIBLIOGRAPHY, ETC. NOTE | |
| Bibliography, etc | Includes bibliography and index. |
| 650 #0 - SUBJECT ADDED ENTRY--TOPICAL TERM | |
| Topical term or geographic name as entry element | Programming (Mathematics) |
| 9 (RLIN) | 151288 |
| Topical term or geographic name as entry element | Electromechanical analogies. |
| 9 (RLIN) | 154654 |
| 830 ## - SERIES ADDED ENTRY--UNIFORM TITLE | |
| Uniform title | Technology Press research monographs |
| 942 ## - ADDED ENTRY ELEMENTS (KOHA) | |
| Source of classification or shelving scheme | Dewey Decimal Classification |
| Koha item type | Books |
| Lost status | Source of classification or shelving scheme | Damaged status | Not for loan | Collection code | Permanent Location | Current Location | Shelving location | Date acquired | Source of acquisition | Cost, normal purchase price | Total Checkouts | Full call number | Date last seen | Copy number | Koha item type |
|---|---|---|---|---|---|---|---|---|---|---|---|---|---|---|---|
| Dewey Decimal Classification | Not For Loan | Non-fiction | Central Library, University of Rajshahi | Central Library, University of Rajshahi | Reading Room | 01/04/1964 | Zeitlinger | 34.00 | 519.7 DEM 1959 | 01/09/2016 | C-1 | Books | |||
| Dewey Decimal Classification | Non-fiction | Central Library, University of Rajshahi | Central Library, University of Rajshahi | 01/04/1964 | Zeitlinger | 34.00 | 519.7 DEM 1959 | 01/09/2016 | C-2 | Books |